UFC Welterweight Champions - Statistics

General Stats
  • This quiz has been taken 181 times
    34 since last reset
  • The average score is 12 of 16
Answer Stats
Year Welterweight % Correct
2013-2008 George Saint-Pierre
96%
2006 George Saint-Pierre
96%
2025 (incumbent) Islam Makhachev
96%
2025 Jack Della Maddalena
96%
2025-2024 Belal Muhammad
93%
2022-2019 Kamaru Usman
93%
2024-2022 Leon Edwards
93%
2019-2016 Tyron Woodley
85%
2006-2004 Matt Hughes
81%
2004-2001 Matt Hughes
81%
2007 Matt Serra
78%
2004 BJ Penn
67%
2016-2014 Robbie Lawler
63%
2014 Johnny Hendricks
59%
2001 Carlos Newton
37%
2001-1998 Pat Miletich
30%
No matching quizzes found
Score Distribution
Percent of People with Each Score
Percentile by Number Answered
Your Score History
You have not taken this quiz since the last reset